Bảo quản hoa màu và chế biến các món ăn
Guardat en:
| Autor principal: | |
|---|---|
| Format: | Llibre |
| Idioma: | Undetermined |
| Publicat: |
Hà Nội
Phụ Nữ
1978
|
| Matèries: | |
| Etiquetes: |
Afegir etiqueta
Sense etiquetes, Sigues el primer a etiquetar aquest registre!
|
| Thư viện lưu trữ: | Trung tâm Học liệu Trường Đại học Cần Thơ |
|---|
| LEADER | 00550nam a2200181Ia 4500 | ||
|---|---|---|---|
| 001 | CTU_11459 | ||
| 008 | 210402s9999 xx 000 0 und d | ||
| 082 | |a 664.81 | ||
| 082 | |b H407 | ||
| 100 | |a Hoàng Phương | ||
| 245 | 0 | |a Bảo quản hoa màu và chế biến các món ăn | |
| 245 | 0 | |c Hoàng Phương | |
| 260 | |a Hà Nội | ||
| 260 | |b Phụ Nữ | ||
| 260 | |c 1978 | ||
| 650 | |a cookery,farm produce - preservation,farm supplies | ||
| 904 | |i Minh, 961023 | ||
| 980 | |a Trung tâm Học liệu Trường Đại học Cần Thơ | ||